000 00721cam a22001817a 4500
020 _a9251046832
040 _cFQG
082 0 0 _a660 FOO 2001 A037 Or.
245 0 0 _aGlossary of biotechnology for food and agriculture :
_ba revised and augmented edition of the glossary of biotechnology and genetic engineering /
250 _aRev. and augm. ed.
260 _aRome :
_bFood and Agriculture Organization of the United Nations,
_c2001.
300 _axv, 305 p. ;
_c21 cm.
500 _a"A revised and augmented version of the Glossary of biotechnology and genetic engineering published by FAO in 1999"--P. [4] of cover.
650 0 _aBiotechnology
650 0 _aGenetic engineering
700 1 _aZaid, A.
942 _cEK
999 _c11492
_d11492